LDR 00701naa#a2200169#i#450# 001 EN\\bibl\121614 005 20260605182006.5 011 ## _a2073-0454 100 ## _a20251219b2025####ek#y0engy0150####ca 102 ## _aRU 200 1# _aAdministrative liability for the distribution of information products to children that cause harm to their health and restriction of access to this information _eJournal article 210 1# _aMoscow _cMoscow University of the Ministry of Internal Affairs of Russia named after V.Ya. Kikot _d2025 215 ## _a3 с. 608 ## _aJournal article _2local 675 ## _aАдминистративное право. 342.9 _z 700 #1 _aCvetkov _gArtem Vladimirovich 856 4# _amosumvd.editorum.ru _u